Amanda Campbell
N/A
Categories
Science - Biology | 0 | 5 | 0 | 0 | 50 | 79 | 97.20 | 0 | 1 |
Fine Arts - Music | 0 | 2 | 0 | 0 | 20 | 110 | 117.00 | 0 | 0 |
Social Science - Psychology | 0 | 2 | 0 | 0 | 20 | 64 | 76.00 | 0 | 0 |
History - Cross, Historiography, and Miscellaneous | 0 | 1 | 0 | 0 | 10 | 101 | 101.00 | 0 | 0 |
Science - Chemistry | 0 | 1 | 0 | 0 | 10 | 114 | 114.00 | 0 | 0 |
Science - Computer Science | 0 | 1 | 0 | 0 | 10 | 119 | 119.00 | 0 | 0 |
Fine Arts - Architecture | 0 | 1 | 0 | 0 | 10 | 109 | 109.00 | 0 | 0 |
Fine Arts - Painting | 0 | 1 | 0 | 0 | 10 | 122 | 122.00 | 0 | 0 |
History - American | 0 | 1 | 0 | 0 | 10 | 76 | 76.00 | 0 | 0 |
Literature - British | 0 | 0 | 0 | 0 | 0 | 0.00 | 0 | 0 |